Tạo dựng thương hiệu cá nhân Nghệ thuật tỏa sáng bản thân để được tin cậy và tín nhiệm

Tên sách tiếng Anh: Personal branding; Hướng dẫn bạn cách thể hiện tốt nhất ưu điểm của mình. Bắt đầu từ việc nhận diện thế mạnh bản thân, tới phát huy chúng và nhận được đánh giá tích cực từ mọi người xung quanh, tạo được sự tin ca...

詳細記述

保存先:
書誌詳細
第一著者: Yamamoto Hideyuki
その他の著者: An Nhiên
フォーマット: 図書
言語:Undetermined
出版事項: H. Thế giới; Công ty Văn hóa và Truyền thông 1980 Books 2018
主題:
オンライン・アクセス:http://lrc.tdmu.edu.vn/opac/search/detail.asp?aID=2&ID=35536
タグ: タグ追加
タグなし, このレコードへの初めてのタグを付けませんか!
Thư viện lưu trữ: Trung tâm Học liệu Trường Đại học Thủ Dầu Một
LEADER 01412nam a2200229Ia 4500
001 TDMU_35536
008 210410s9999 xx 000 0 und d
082 |a 320.9597 
090 |b Y600 
100 |a Yamamoto Hideyuki 
245 0 |a Tạo dựng thương hiệu cá nhân 
245 0 |b Nghệ thuật tỏa sáng bản thân để được tin cậy và tín nhiệm 
245 0 |c Yamamoto Hideyuki; An Nhiên (dịch) 
260 |a H. 
260 |b Thế giới; Công ty Văn hóa và Truyền thông 1980 Books 
260 |c 2018 
300 |a 198tr. 
520 |a Tên sách tiếng Anh: Personal branding; Hướng dẫn bạn cách thể hiện tốt nhất ưu điểm của mình. Bắt đầu từ việc nhận diện thế mạnh bản thân, tới phát huy chúng và nhận được đánh giá tích cực từ mọi người xung quanh, tạo được sự tin cậy, tín nhiệm và nắm bắt các cơ hội nhờ vào chính năng lực của mình, mang lại nhiều thành công cá nhân trong công việc 
650 |a Bí quyết thành công  |x Cá nhân  |x Công việc 
700 |a An Nhiên 
856 |u http://lrc.tdmu.edu.vn/opac/search/detail.asp?aID=2&ID=35536 
980 |a Trung tâm Học liệu Trường Đại học Thủ Dầu Một